ՀՀ Գիտությունների ազգային ակադեմիայի հիմնարար գիտական գրադարան  =   Fundamental Scientific Library of NAS RA

Խրատներ / (Record no. 215838)

MARC details
000 -LEADER
fixed length control field 00858nam a2200229 a 4500
001 - CONTROL NUMBER
control field 000556866
003 - CONTROL NUMBER IDENTIFIER
control field AM-YeHGA
005 - DATE AND TIME OF LATEST TRANSACTION
control field 20250617140221.0
008 - FIXED-LENGTH DATA ELEMENTS--GENERAL INFORMATION
fixed length control field 071109s2007 ai | |||| |0| | arm d
020 ## - INTERNATIONAL STANDARD BOOK NUMBER
International Standard Book Number 9789993075530
040 ## - CATALOGING SOURCE
Original cataloging agency AM-YeHGA
041 1# - LANGUAGE CODE
Language code of text/sound track or separate title arm
Language code of original rus
090 ## - LOCALLY ASSIGNED LC-TYPE CALL NUMBER (OCLC); LOCAL CALL NUMBER (RLIN)
-- 217360
100 0# - MAIN ENTRY--PERSONAL NAME
Personal name Մակար Մեծ
245 10 - TITLE STATEMENT
Title Խրատներ /
Statement of responsibility, etc. Սուրբ Մակար Մեծ; Թարգմ. ռուս.՝ Ա.Գ. Ալեքսանյան; Խմբ.՝ Ասողիկ եպիսկոպ.
246 14 - VARYING FORM OF TITLE
Title proper/short title Հոգևոր խրատներ
260 ## - PUBLICATION, DISTRIBUTION, ETC.
Place of publication, distribution, etc. Էջմիածին :
Name of publisher, distributor, etc. Մայր Աթոռ Ս. Էջմիածին,
Date of publication, distribution, etc. 2007.
300 ## - PHYSICAL DESCRIPTION
Extent 277 էջ ;
Dimensions 17 սմ.
440 #0 - SERIES STATEMENT/ADDED ENTRY--TITLE
Title Հոգևոր ընթերցումներ
Volume/sequential designation Բ
700 1# - ADDED ENTRY--PERSONAL NAME
Personal name Ալեքսանյան, Ա.Գ.
Relator term թարգմ.
Relationship trl
700 0# - ADDED ENTRY--PERSONAL NAME
Personal name Ասողիկ
Titles and other words associated with a name եպիսկոպոս (Արիստակեսյան),
Dates associated with a name 1959-
Relator term խմբ.
Relationship edt
Holdings
Withdrawn status Lost status Damaged status Not for loan Collection Home library Current library Date acquired Cost, normal purchase price Shelving control number Total checkouts Full call number Barcode Date last seen Price effective from Koha item type Public note
        General Fundamental Scientific Library Fundamental Scientific Library 28/12/2016 1500.00     AI/20740 210020740 28/12/2016 28/12/2016 Գրքեր / Books 30 Days Loan
        General Fundamental Scientific Library Fundamental Scientific Library 28/12/2016 1500.00     AI/20741 210020741 28/12/2016 28/12/2016 Գրքեր / Books 30 Days Loan


ՀՀ ԳԱԱ հիմնարար գիտական գրադարան
ՀՀ,Երևան 0019
Մարշալ Բաղրամյան 24/6
հեռախոս:(374-10) 52-47-50
Հետադարձ կապ

All site content, except where otherwise noted, is licensed under a
Creative Commons License